000 00682nam a2200241Ia 4500
005 20260430150540.0
008 008 250103s9999 xx 000 0 eng d
037 _aTheses
040 _aCRL
040 _beng
040 _ceng
041 _2eng
041 _aeng
084 _qCRL
100 _aKhan Aarif Muhammad Au.; Saraswat Nitesh Gu.
_91237821
245 0 _aInternal Dimension of the Kashmir Conflict and Its Impact on Children's Rights: A Socio-Legal Study of The Kashmir Valley
260 _c2024
300 _a485p.
650 _aLaw
700 _aUniversity of Delhi. Faculty of Law. Deptt. of Law
_91236414
942 _cTH
999 _c1850051
_d1850051